000 00701nam a2200289Ia 4500
005 20260324120817.0
008 008 260324s9999 xx 000 0 eng d
020 _a9780203505878
037 _aEBOOK
040 _aCRL
040 _beng
040 _cCRL
041 _2eng
041 _aeng
084 _qCRL
100 _aMatthew David; Chris Murman
_91160062
245 0 _aDesigning Apps for Success
245 0 _bDeveloping Consistent App Design Practices
260 _bTaylor and Francis
260 _c2014
365 _a
365 _b385
856 _uhttp://www.taylorfrancis.com/books/9780203505878
942 _cEBOOK
999 _c1751778
_d1751778